|
|
|
|
| LEADER |
00000nab a2200000 a 4500 |
| 001 |
vtls000829973 |
| 003 |
SK-MaSNL |
| 005 |
20260304143430.0 |
| 008 |
250429c2002 xo 0 slo |
| 015 |
|
|
|a SNBRB2003/04-10928
|
| 035 |
|
|
|a CLN000181628
|
| 035 |
|
|
|a urn:nbn:sk:snk-abpus
|
| 035 |
|
|
|a (urnnbn)urn:nbn:sk:snk:ar-a03x7n
|
| 035 |
|
|
|a (uuid)56925cc9-1550-47d8-ab3d-f5be878e734c
|
| 040 |
|
|
|a SNKBUCL
|b slo
|c SNKBUCL
|e AACR2
|
| 041 |
0 |
|
|a slo
|
| 044 |
|
|
|a xo
|c SK
|
| 080 |
|
|
|a 614.27:336
|2 1997
|
| 100 |
1 |
|
|a Prachárová, Beata
|4 aut
|9 1401555
|
| 245 |
1 |
0 |
|a Oddlženie verejných lekární zatiaľ nedostatočné
|c Beata Prachárová
|
| 650 |
0 |
7 |
|a spoločnosti farmaceutické
|x organizácia a riadenie
|x ekonomika
|2 snkbucl
|9 1464356
|
| 650 |
0 |
7 |
|a lekárne
|x ekonomika
|2 snkbucl
|9 1401556
|
| 650 |
0 |
7 |
|a poisťovne zmluvné
|x ekonomika
|2 snkbucl
|9 1401557
|
| 650 |
0 |
7 |
|a štrajky zamestnancov
|2 snkbucl
|9 1442338
|
| 650 |
0 |
7 |
|a vláda
|2 snkbucl
|9 4813
|
| 650 |
0 |
7 |
|a oddlženie verejných lekární
|2 snkbucl
|9 1464357
|
| 650 |
0 |
7 |
|a politika lieková
|2 snkbucl
|9 839584
|
| 655 |
|
7 |
|a články z novín a časopisov
|2 snkbucl
|9 267496
|
| 773 |
0 |
|
|t Lekárnické listy
|g Roč. 4, č. 9 (2002), s. 4-5
|x 1335-5821
|
| 850 |
|
|
|a Slovenská národná knižnica
|
| 852 |
|
|
|a Slovenská národná knižnica
|
| 954 |
|
|
|a odborná, vedecká literatúra pôvodná (slovenská)
|2 lita
|
| 958 |
|
|
|a article27
|
| 958 |
|
|
|a OND
|
| 958 |
|
|
|a MI
|
| 958 |
|
|
|a EUIPO
|
| 992 |
|
|
|a RBX
|
| 999 |
|
|
|c 2925321
|d 2927251
|